[Event "Jan Macieja Memorial"]
[Site "Warsaw POL"]
[Date "2023.07.10"]
[Round "1.1"]
[White "Piorun, Kacper"]
[Black "Sternik, Piotr"]
[Result "1-0"]
[WhiteElo "2583"]
[BlackElo "1642"]
[EventDate "2023.07.10"]
[PlyCount "73"]

1.e4 c6 2.d4 d5 3.exd5 cxd5 4.Nf3 Nc6 5.c3 Nf6 6.Bf4 g6 7.h3 Bf5 8.Be2 Bg7 
9.O-O O-O 10.Nbd2 h6 11.Re1 g5 12.Bh2 Ne4 13.Bf1 Bg6 14.Rc1 f5 15.b4 a6 16.a4 
Re8 17.b5 Na5 18.Nxe4 fxe4 19.Ne5 Bxe5 20.Bxe5 Rf8 21.Qg4 Qc8 22.Qg3 Qf5 
23.bxa6 bxa6 24.Rb1 h5 25.Rb6 h4 26.Qe3 e6 27.Reb1 Ra7 28.Rxa6 Rxa6 29.Bxa6 Nc6 
30.Bd6 Rf7 31.Be2 Ra7 32.Rb6 Be8 33.Bb5 Ne5 34.Rb8 Nf3+ 35.gxf3 exf3 36.Rxe8+ 
Kg7 37.Qe5+ 1-0

[Event "Jan Macieja Memorial"]
[Site "Warsaw POL"]
[Date "2023.07.10"]
[Round "1.2"]
[White "Tychulski, Krzysztof"]
[Black "Tomczak, Jacek"]
[Result "0-1"]
[WhiteElo "1690"]
[BlackElo "2562"]
[EventDate "2023.07.10"]
[PlyCount "50"]

1.Nf3 Nf6 2.c4 g6 3.Nc3 d5 4.d4 Bg7 5.Bf4 O-O 6.e3 c5 7.Rc1 cxd4 8.exd4 Nc6 
9.Be2 Bg4 10.O-O Bxf3 11.Bxf3 dxc4 12.d5 Nb4 13.d6 Nd3 14.dxe7 Qxe7 15.Bg3 Nxc1 
16.Qxc1 Rad8 17.Re1 Qd7 18.h3 Rfe8 19.Rxe8+ Rxe8 20.Qc2 b5 21.Kh2 b4 22.Ne4 
Nxe4 23.Bxe4 c3 24.b3 Qd2 25.Bh4 Qf4+ 0-1

[Event "Jan Macieja Memorial"]
[Site "Warsaw POL"]
[Date "2023.07.10"]
[Round "1.3"]
[White "Kazakouski, Valery"]
[Black "Zgorzelski, Marek"]
[Result "1-0"]
[WhiteElo "2546"]
[BlackElo "1690"]
[EventDate "2023.07.10"]
[PlyCount "34"]

1.Nf3 f5 2.d3 Nf6 3.e4 fxe4 4.dxe4 Nxe4 5.Bd3 Nf6 6.Ng5 d5 7.Bxh7 Bg4 8.Bg6+ 
Kd7 9.f3 Bh5 10.Nf7 Qc8 11.Nxh8 e5 12.Bxh5 Nxh5 13.Qxd5+ Bd6 14.Qf7+ Be7 
15.Qxh5 Nc6 16.Ng6 Bf6 17.Be3 Qg8 1-0

[Event "Jan Macieja Memorial"]
[Site "Warsaw POL"]
[Date "2023.07.10"]
[Round "1.4"]
[White "Stefaniuk, Zbigniew"]
[Black "Bartel, Mateusz"]
[Result "0-1"]
[WhiteElo "1684"]
[BlackElo "2529"]
[EventDate "2023.07.10"]
[PlyCount "58"]

1.e4 c6 2.d4 d5 3.Nc3 dxe4 4.Nxe4 Nf6 5.Nxf6+ exf6 6.Bc4 Be7 7.Nf3 O-O 8.O-O 
Bg4 9.c3 Nd7 10.Re1 Nb6 11.Bd3 Bd6 12.h3 Bh5 13.a4 Bc7 14.Qc2 Bxf3 15.Bxh7+ Kh8 
16.gxf3 g6 17.Bh6 Kxh7 18.Bxf8 Qxf8 19.Qe4 Qd6 20.Qh4+ Kg7 21.Kf1 Rh8 22.Qg4 f5 
23.Qg2 Nd5 24.Rad1 Nf4 25.Qg3 Rxh3 26.Qg1 Qd5 27.Re3 Rxf3 28.Rxf3 Qxf3 29.Re1 
Qh3+ 0-1

[Event "Jan Macieja Memorial"]
[Site "Warsaw POL"]
[Date "2023.07.10"]
[Round "1.5"]
[White "Socko, Bartosz"]
[Black "Yasmo, Daniil"]
[Result "1-0"]
[WhiteElo "2520"]
[BlackElo "1678"]
[EventDate "2023.07.10"]
[PlyCount "85"]

1.g3 e5 2.Bg2 d5 3.d4 e4 4.c4 c6 5.Nc3 Nf6 6.Bg5 Bb4 7.Qb3 Bxc3+ 8.bxc3 dxc4 
9.Qxc4 Qd5 10.Qxd5 cxd5 11.Bxf6 gxf6 12.c4 Be6 13.e3 f5 14.cxd5 Bxd5 15.Ne2 Nc6 
16.Nc3 Nb4 17.Kd2 O-O-O 18.Rhb1 Nd3 19.f3 exf3 20.Nxd5 fxg2 21.Ne7+ Kd7 
22.Rxb7+ Ke6 23.Kxd3 Rb8 24.Rxb8 Rxb8 25.Nc6 Rb2 26.Ne5 Rxa2 27.Rg1 Rf2 28.e4 
f6 29.Ke3 Ra2 30.exf5+ Kxf5 31.Nd3 a5 32.Nf4 a4 33.Rxg2 Ra3+ 34.Nd3 Kg4 35.Rf2 
f5 36.Rf4+ Kh3 37.Rh4+ Kg2 38.Rxh7 Ra1 39.d5 a3 40.Ra7 a2 41.d6 f4+ 42.gxf4 
Kxh2 43.d7 1-0

[Event "Jan Macieja Memorial"]
[Site "Warsaw POL"]
[Date "2023.07.10"]
[Round "1.6"]
[White "Bartoszewicz, Marcin"]
[Black "Gagare, Shardul"]
[Result "0-1"]
[WhiteElo "1668"]
[BlackElo "2482"]
[EventDate "2023.07.10"]
[PlyCount "36"]

1.e4 e6 2.d4 d5 3.exd5 exd5 4.Bd3 Nc6 5.c3 Bd6 6.Nf3 Nge7 7.O-O Bg4 8.h3 Bh5 
9.Re1 Qd7 10.b4 Bg6 11.b5 Nd8 12.Ne5 Bxe5 13.Rxe5 Ne6 14.Bf1 O-O 15.Nd2 Nf5 
16.Nf3 f6 17.Re1 Nd6 18.Bd3 Be4 0-1

[Event "Jan Macieja Memorial"]
[Site "Warsaw POL"]
[Date "2023.07.10"]
[Round "1.7"]
[White "Heberla, Bartlomiej"]
[Black "Burdzy, Joanna"]
[Result "1-0"]
[WhiteElo "2450"]
[BlackElo "1664"]
[EventDate "2023.07.10"]
[PlyCount "53"]

1.d4 d5 2.Nf3 Nf6 3.e3 Bf5 4.Bd3 Bg6 5.O-O e6 6.c4 c6 7.Nc3 Bd6 8.Re1 O-O 
9.Bxg6 hxg6 10.e4 dxe4 11.Nxe4 Bb4 12.Bd2 Bxd2 13.Qxd2 Nxe4 14.Rxe4 Nd7 15.Rd1 
Nf6 16.Ree1 Qb6 17.b3 Rad8 18.Qf4 c5 19.dxc5 Qxc5 20.Qe5 Qb6 21.h3 a6 22.Qe2 
Qc5 23.Rxd8 Rxd8 24.Rd1 Rxd1+ 25.Qxd1 Ne4 26.Qd8+ Kh7 27.Qh4+ 1-0

[Event "Jan Macieja Memorial"]
[Site "Warsaw POL"]
[Date "2023.07.10"]
[Round "1.8"]
[White "Kudlak, Julia"]
[Black "Cherniaiev, Tykhon"]
[Result "0-1"]
[WhiteElo "1656"]
[BlackElo "2450"]
[EventDate "2023.07.10"]
[PlyCount "63"]

1.e4 e5 2.Bc4 Nf6 3.d3 c6 4.Bb3 d5 5.Nc3 Bb4 6.Bd2 O-O 7.Nf3 Bg4 8.h3 Bh5 9.g4 
Bg6 10.Nxe5 Re8 11.Nxg6 hxg6 12.O-O Bxc3 13.Bxc3 dxe4 14.dxe4 Nxe4 15.Qf3 Ng5 
16.Qg2 Nd7 17.Rad1 Qc7 18.h4 Ne4 19.Qf3 Ndf6 20.g5 Nxc3 21.bxc3 Ne4 22.Rfe1 Nc5 
23.Bc4 b5 24.Bd3 Na4 25.Be4 Rac8 26.h5 Qe5 27.hxg6 Qxg5+ 28.Kf1 Qf6 29.gxf7+ 
Kxf7 30.Qxf6+ gxf6 31.Bf5 Rcd8 32.Rxe8 0-1

[Event "Jan Macieja Memorial"]
[Site "Warsaw POL"]
[Date "2023.07.10"]
[Round "1.9"]
[White "Nasuta, Grzegorz"]
[Black "Kazmierowski, Tymon"]
[Result "1-0"]
[WhiteElo "2449"]
[BlackElo "1698"]
[EventDate "2023.07.10"]
[PlyCount "71"]

1.e4 c5 2.Nf3 d6 3.d4 cxd4 4.Nxd4 Nf6 5.Nc3 a6 6.Be2 e5 7.Nb3 Be7 8.Be3 Be6 
9.Nd5 Nxd5 10.exd5 Bf5 11.Qd2 Nd7 12.O-O O-O 13.Na5 Qc7 14.c4 Bg6 15.b4 Rfd8 
16.Rac1 Rac8 17.Rfd1 Nf6 18.f3 Bf8 19.a3 Bf5 20.Qe1 e4 21.f4 g6 22.Qf2 Qd7 
23.h3 h5 24.c5 dxc5 25.Nc4 Nxd5 26.Nb6 Nxb6 27.Rxd7 Nxd7 28.bxc5 Nf6 29.Bd4 Bg7 
30.Be5 Rd5 31.c6 bxc6 32.Bxa6 Ra8 33.Bc4 Rda5 34.Qb2 Rxa3 35.Bxf6 Bxf6 36.Qxf6 1-0

[Event "Jan Macieja Memorial"]
[Site "Warsaw POL"]
[Date "2023.07.10"]
[Round "1.10"]
[White "Bury, Milosz"]
[Black "Kowalski, Igor"]
[Result "0-1"]
[WhiteElo "1651"]
[BlackElo "2367"]
[EventDate "2023.07.10"]
[PlyCount "124"]

1.e4 g6 2.d4 Bg7 3.Nf3 d6 4.Bd3 Bg4 5.c3 Nc6 6.O-O e5 7.d5 Nce7 8.h3 Bxf3 
9.Qxf3 Nf6 10.Bg5 Nd7 11.Nd2 O-O 12.Rae1 h6 13.Bxe7 Qxe7 14.Qg3 a5 15.a4 Kh7 
16.Bc2 Rg8 17.Nc4 b6 18.Kh1 Raf8 19.f4 exf4 20.Qxf4 Be5 21.Nxe5 Qxe5 22.Qxe5 
Nxe5 23.Rf6 Re8 24.Ref1 Re7 25.g4 Kg7 26.b3 Nd7 27.R6f4 Rge8 28.Kg2 Nc5 29.Re1 
g5 30.Rf3 Re5 31.Rfe3 Nd7 32.b4 Nf6 33.Kf3 Ra8 34.b5 Nd7 35.c4 Rae8 36.Kg3 Nf6 
37.Kf3 h5 38.Kg3 Rh8 39.Rf1 hxg4 40.hxg4 Rh4 41.Rf5 Rxg4+ 42.Kf3 Rxf5+ 43.exf5 
Rxc4 44.Bd1 Nxd5 45.Re8 Rf4+ 46.Kg3 Rxf5 47.Bf3 Nc3 48.Re7 Nxa4 49.Bc6 Nc3 
50.Rxc7 Nxb5 51.Rb7 Nd4 52.Bd7 Rf3+ 53.Kg4 Kg6 54.Be8 Rf4+ 55.Kg3 Nf5+ 56.Kg2 
Nh4+ 57.Kh2 g4 58.Rxb6 Kg5 59.Rxd6 f5 60.Rd5 Rf2+ 61.Kg1 g3 62.Bc6 Nf3+ 0-1

[Event "Jan Macieja Memorial"]
[Site "Warsaw POL"]
[Date "2023.07.10"]
[Round "1.11"]
[White "Kanarek, Marcel"]
[Black "Obukhava, Anastasiya"]
[Result "1-0"]
[WhiteElo "2388"]
[BlackElo "1663"]
[EventDate "2023.07.10"]
[PlyCount "73"]

1.e4 c5 2.Nf3 e6 3.d4 cxd4 4.Nxd4 a6 5.c4 Qc7 6.Nc3 d6 7.Be2 Nf6 8.O-O Be7 9.f4 
b6 10.Be3 Bb7 11.Qd3 Nbd7 12.b4 O-O 13.Rac1 Rac8 14.g4 Qb8 15.g5 Ne8 16.Bf3 Qa8 
17.h4 Nc7 18.h5 d5 19.cxd5 exd5 20.Nf5 Rfe8 21.Nxe7+ Rxe7 22.Nxd5 Nxd5 23.exd5 
Rce8 24.Rfe1 f6 25.g6 h6 26.Bf2 Rxe1+ 27.Rxe1 Rxe1+ 28.Bxe1 Qe8 29.Bf2 Qc8 
30.Kg2 Qc1 31.Qe4 Nf8 32.Qe7 Qc8 33.Bxb6 Nd7 34.Bf2 Nf8 35.Kg3 Qb8 36.Bc5 Qc8 
37.Qf7+ 1-0

[Event "Jan Macieja Memorial"]
[Site "Warsaw POL"]
[Date "2023.07.10"]
[Round "1.12"]
[White "Krogulski, Maksymilian"]
[Black "Sengupta, Deep"]
[Result "0-1"]
[WhiteElo "1750"]
[BlackElo "2361"]
[EventDate "2023.07.10"]
[PlyCount "104"]

1.e4 c5 2.Nf3 e6 3.c3 Nf6 4.e5 Nd5 5.d4 cxd4 6.cxd4 d6 7.Nc3 Nxc3 8.bxc3 Nc6 
9.Bb5 Bd7 10.O-O Nxe5 11.Bxd7+ Nxd7 12.Rb1 Qc7 13.Qb3 b6 14.Bd2 Be7 15.Rfc1 O-O 
16.c4 Rac8 17.Rc3 Rfd8 18.Rbc1 Qb7 19.a4 Nf6 20.Be3 Rc7 21.h3 Rdc8 22.R3c2 h6 
23.c5 dxc5 24.dxc5 bxc5 25.Qxb7 Rxb7 26.Rc4 Nd5 27.Nd2 Nb6 28.Re4 Rd8 29.a5 Nd5 
30.Bxc5 Bxc5 31.Rxc5 Nf6 32.Rc2 Nxe4 33.Nxe4 Rb5 34.a6 Ra5 35.Rc4 Rxa6 36.f3 
Ra2 37.Rc3 a5 38.Kh2 a4 39.Kg3 a3 40.Nc5 Ra8 41.Nb3 Rb2 42.Na1 a2 43.f4 Rb1 
44.Nc2 Rc1 45.Kg4 Rxc2 46.Rxc2 a1=Q 47.Rf2 Qd1+ 48.Kg3 Qe1 49.Kf3 Ra3+ 50.Kg4 
Qxf2 51.Kh5 Qg3 52.h4 Qg6# 0-1

[Event "Jan Macieja Memorial"]
[Site "Warsaw POL"]
[Date "2023.07.10"]
[Round "1.13"]
[White "Mis, Mieszko"]
[Black "Holubczat, Maciej"]
[Result "1-0"]
[WhiteElo "2369"]
[BlackElo "1635"]
[EventDate "2023.07.10"]
[PlyCount "45"]

1.d4 g6 2.Nf3 Bg7 3.g3 d6 4.Bg2 Nf6 5.O-O O-O 6.c4 Nc6 7.Nc3 e5 8.h3 h6 9.dxe5 
Nxe5 10.b3 Rb8 11.Bb2 Re8 12.Qd2 Bd7 13.Rad1 Bc6 14.Rfe1 Qe7 15.Nd4 Bxg2 
16.Kxg2 a6 17.e4 Rbd8 18.f4 Nc6 19.Nd5 Qd7 20.Nxf6+ Bxf6 21.Nxc6 Bxb2 22.Nxd8 
Bf6 23.Nxb7 1-0

[Event "Jan Macieja Memorial"]
[Site "Warsaw POL"]
[Date "2023.07.10"]
[Round "1.14"]
[White "Matskevich, Varvara"]
[Black "Socko, Monika"]
[Result "1-0"]
[WhiteElo "1628"]
[BlackElo "2326"]
[EventDate "2023.07.10"]
[PlyCount "111"]

1.e4 e6 2.d4 d5 3.e5 c5 4.c3 Nc6 5.Nf3 Bd7 6.a3 c4 7.Be2 Qb6 8.O-O O-O-O 9.Nbd2 
Na5 10.Rb1 Ne7 11.b3 cxb3 12.Nxb3 Ba4 13.Nfd2 Nec6 14.Bd3 Nxb3 15.Nxb3 Na5 
16.Bc2 Bxb3 17.Bxb3 Kb8 18.Bg5 Rc8 19.Bxd5 Qc7 20.Bf3 h6 21.Bd2 b6 22.Qa4 Nc4 
23.Bf4 g5 24.Bg3 Nd2 25.Rbc1 Nxf3+ 26.gxf3 h5 27.h3 Qb7 28.c4 g4 29.fxg4 Bc5 
30.d5 hxg4 31.h4 Ka8 32.Rcd1 Rhd8 33.dxe6 fxe6 34.Qc2 Qf3 35.Kh2 Rf8 36.Rde1 
Rf7 37.Qe4+ Kb8 38.Qxf3 Rxf3 39.Kg2 Rxa3 40.h5 a5 41.h6 Rd3 42.Bh4 Rh3 43.Bg5 
Rg8 44.Bf4 a4 45.Rh1 a3 46.Ra1 Kc7 47.Bc1 Rf8 48.Rxh3 gxh3+ 49.Kxh3 Rh8 50.Kg4 
Kd7 51.Kg5 Ke7 52.Bxa3 Rg8+ 53.Kh5 Rg2 54.Bxc5+ bxc5 55.Ra7+ Kd8 56.h7 1-0

[Event "Jan Macieja Memorial"]
[Site "Warsaw POL"]
[Date "2023.07.10"]
[Round "1.15"]
[White "Sieciechowicz, Marcin"]
[Black "Krzyzewski, Radoslaw"]
[Result "1-0"]
[WhiteElo "2294"]
[BlackElo "1612"]
[EventDate "2023.07.10"]
[PlyCount "55"]

1.d4 Nf6 2.c4 g6 3.Nc3 Bg7 4.e4 d6 5.f3 O-O 6.Be3 e5 7.Nge2 a6 8.Qd2 exd4 
9.Nxd4 Nc6 10.Be2 Re8 11.O-O Rb8 12.Rad1 Ne7 13.Rfe1 c6 14.Nc2 d5 15.cxd5 cxd5 
16.exd5 Nf5 17.Bf4 Nd6 18.Bf1 Bf5 19.Nd4 Rc8 20.Bxd6 Qxd6 21.Nxf5 gxf5 22.Qg5 
Qb6+ 23.Kh1 Qxb2 24.Rxe8+ Nxe8 25.Ne2 Qc2 26.Rc1 Qxc1 27.Nxc1 Rxc1 28.Qxc1 1-0

[Event "Jan Macieja Memorial"]
[Site "Warsaw POL"]
[Date "2023.07.10"]
[Round "1.16"]
[White "Wieckowski, Kamil"]
[Black "Pacan-milej, Kosma"]
[Result "0-1"]
[WhiteElo "1608"]
[BlackElo "2302"]
[EventDate "2023.07.10"]
[PlyCount "68"]

1.e4 c6 2.d4 d5 3.e5 Bf5 4.g4 Bd7 5.f4 e6 6.Nf3 c5 7.c3 Qb6 8.Qb3 Nc6 9.Qxb6 
axb6 10.Be3 h5 11.g5 Nge7 12.Bd3 c4 13.Bc2 b5 14.a3 b4 15.Nbd2 b3 16.Bd1 Nf5 
17.Kf2 b5 18.Be2 h4 19.Rhg1 Be7 20.Rg4 b4 21.cxb4 Nxb4 22.Rag1 Nc2 23.Nf1 c3 
24.Bc1 cxb2 25.Bxb2 Bxa3 26.Bxa3 Rxa3 27.N1d2 Nce3 28.g6 Nxg4+ 29.Rxg4 b2 
30.gxf7+ Kxf7 31.Ne1 Ra1 32.Bd3 Rc8 33.Bb1 Rc1 34.Nd3 Rcxb1 0-1

[Event "Jan Macieja Memorial"]
[Site "Warsaw POL"]
[Date "2023.07.10"]
[Round "1.17"]
[White "Bartel, Michal"]
[Black "Adamchyk, Miraslau"]
[Result "1-0"]
[WhiteElo "2282"]
[BlackElo "1612"]
[EventDate "2023.07.10"]
[PlyCount "73"]

1.e4 c5 2.Ne2 d6 3.g3 Nf6 4.Bg2 g6 5.c3 Bg7 6.d4 cxd4 7.cxd4 O-O 8.Nbc3 Nc6 
9.O-O Bd7 10.h3 Rc8 11.Be3 a6 12.Qd2 Re8 13.f4 e5 14.fxe5 dxe5 15.d5 Na5 16.b3 
Qc7 17.Rac1 Qd6 18.g4 b5 19.Kh1 b4 20.Nd1 Rxc1 21.Nxc1 Rc8 22.Nd3 Bb5 23.N1b2 
Nb7 24.Re1 a5 25.Qf2 h5 26.g5 Nd7 27.Rf1 Rf8 28.Nc4 Bxc4 29.bxc4 f6 30.c5 Qe7 
31.c6 fxg5 32.Qg1 Rxf1 33.Bxf1 Nd8 34.cxd7 Qxd7 35.Qxg5 Qe8 36.Nc5 Nf7 37.Qxg6 1-0

[Event "Jan Macieja Memorial"]
[Site "Warsaw POL"]
[Date "2023.07.10"]
[Round "1.18"]
[White "Nowakowski, Maksymilian"]
[Black "Baum, Jonasz"]
[Result "0-1"]
[WhiteElo "1603"]
[BlackElo "2277"]
[EventDate "2023.07.10"]
[PlyCount "54"]

1.d4 e6 2.c4 b6 3.Nf3 Bb7 4.g3 Bb4+ 5.Bd2 Bxf3 6.exf3 Bxd2+ 7.Nxd2 d5 8.f4 Ne7 
9.Bg2 O-O 10.O-O c6 11.Rc1 Nd7 12.Nf3 Rc8 13.Ne5 Nf6 14.c5 Ne4 15.b4 b5 16.a4 
a6 17.a5 Nf5 18.Re1 Nf6 19.Rc3 Ne7 20.g4 Ng6 21.Nd3 Nh4 22.h3 Ne4 23.Bxe4 dxe4 
24.Rxe4 Qd5 25.f3 f5 26.Re3 Qxd4 27.Qd2 Nxf3+ 0-1

[Event "Jan Macieja Memorial"]
[Site "Warsaw POL"]
[Date "2023.07.10"]
[Round "1.19"]
[White "Kiolbasa, Oliwia"]
[Black "Boryna, Szymon"]
[Result "1-0"]
[WhiteElo "2269"]
[BlackElo "1553"]
[EventDate "2023.07.10"]
[PlyCount "67"]

1.e4 e6 2.d4 d5 3.e5 c5 4.c3 Nc6 5.Nf3 Qb6 6.Bd3 cxd4 7.O-O Bd7 8.Re1 Nge7 9.h4 
Rc8 10.Nbd2 Nf5 11.c4 dxc4 12.Nxc4 Qc7 13.Bf4 Nfe7 14.Nd6+ Kd8 15.Nxf7+ Ke8 
16.Nxh8 Nd5 17.Bg5 Be7 18.Bxh7 Qb6 19.Qd3 Kd8 20.Nf7+ Kc7 21.Nd6 Rf8 22.Rac1 
Kb8 23.Bxe7 Ncxe7 24.Be4 Rh8 25.Qxd4 Qxd4 26.Nxd4 Bc6 27.Nxc6+ bxc6 28.g3 Kc7 
29.Rc4 Rb8 30.b3 a6 31.Rec1 Rb6 32.Bxd5 Nxd5 33.Ne8+ Kd7 34.Nxg7 1-0

[Event "Jan Macieja Memorial"]
[Site "Warsaw POL"]
[Date "2023.07.10"]
[Round "1.20"]
[White "Lhundrup, M Dorji"]
[Black "Zochowski, Kacper"]
[Result "0-1"]
[WhiteElo "1601"]
[BlackElo "2262"]
[EventDate "2023.07.10"]
[PlyCount "113"]

1.e4 d6 2.d4 Nf6 3.Nc3 e5 4.dxe5 dxe5 5.Qxd8+ Kxd8 6.Nf3 Bd6 7.Bg5 Be6 8.O-O-O 
Nd7 9.Be2 Ke7 10.h4 h6 11.Bxf6+ Nxf6 12.Nd5+ Nxd5 13.exd5 Bd7 14.Rhe1 Rae8 
15.Bd3 Kd8 16.Nd2 f5 17.f3 h5 18.Nc4 g6 19.Nxd6 cxd6 20.a3 Ke7 21.b4 b5 22.Kb2 
Kf6 23.c4 bxc4 24.Bxc4 Rb8 25.Bb3 a5 26.bxa5 Rb5 27.Ka2 Rhb8 28.Rb1 Rxa5 29.Bc2 
Rba8 30.Rb3 Ba4 31.Rb6 Bxc2 32.Rxd6+ Kg7 33.Rd7+ Kh6 34.Rxe5 Rxa3+ 35.Kb2 Ra2+ 
36.Kc3 Ba4 37.Rf7 Rc8+ 38.Kb4 Rb8+ 39.Kc5 Be8 40.Rfe7 Ra5+ 41.Kd6 Raa8 42.f4 
Rd8+ 43.Kc5 Rac8+ 44.Kd4 Bb5 45.Ke3 Rc3+ 46.Kd4 Rc4+ 47.Ke3 Re4+ 48.Rxe4 fxe4 
49.Rxe4 Rxd5 50.Kf3 Bc6 51.Re3 Rd3+ 52.Ke2 Rxe3+ 53.Kxe3 Bxg2 54.Kf2 Be4 55.Kg3 
Kg7 56.Kf2 Kf6 57.Ke3 0-1

[Event "Jan Macieja Memorial"]
[Site "Warsaw POL"]
[Date "2023.07.10"]
[Round "1.21"]
[White "Cukrowski, Filip"]
[Black "Zeissel, Andrzej"]
[Result "1-0"]
[WhiteElo "2258"]
[BlackElo "1600"]
[EventDate "2023.07.10"]
[PlyCount "134"]

1.d4 f5 2.Nf3 Nf6 3.Bg5 e6 4.c4 Be7 5.Nc3 O-O 6.g3 b6 7.Bg2 Bb7 8.O-O d6 9.d5 
e5 10.e4 Nxe4 11.Nxe4 fxe4 12.Bxe7 Qxe7 13.Nd2 Nd7 14.Nxe4 Nf6 15.Qd3 Bc8 
16.Ng5 h6 17.Ne6 Bxe6 18.dxe6 Rac8 19.Bb7 Rcd8 20.Bd5 c6 21.Bxc6 Qxe6 22.Rad1 
Qh3 23.Bg2 Qe6 24.Rfe1 Rfe8 25.Bd5 Nxd5 26.Qxd5 Qxd5 27.Rxd5 Kf7 28.Kg2 Re6 
29.b3 g5 30.h3 Rde8 31.Re4 Kg6 32.a4 Rc8 33.Re2 Rc5 34.Rd1 a5 35.Red2 Rc6 
36.Rd5 Kf6 37.R1d3 Ke7 38.Rd2 Rc5 39.Kf3 Rxd5 40.Rxd5 Rf6+ 41.Kg2 Kd7 42.f3 Kc6 
43.Rb5 Re6 44.Kf2 e4 45.f4 gxf4 46.gxf4 e3+ 47.Ke2 Re7 48.Rh5 Re6 49.f5 Re5 
50.Rxh6 Rxf5 51.Kxe3 Rf1 52.Kd3 Rf3+ 53.Kc2 Rf2+ 54.Kc3 Rf3+ 55.Kb2 Rf2+ 56.Ka3 
Rh2 57.Rh8 Kc7 58.h4 Kd7 59.h5 Kc7 60.h6 Kb7 61.Rh7+ Kc6 62.Rh8 Kb7 63.h7 Rh1 
64.Kb2 Rh2+ 65.Kc3 Rh3+ 66.Kd4 Rh5 67.Ke4 Ka7 1-0

[Event "Jan Macieja Memorial"]
[Site "Warsaw POL"]
[Date "2023.07.10"]
[Round "1.23"]
[White "Czerwonski, Aleksander"]
[Black "Prus, Marek"]
[Result "1-0"]
[WhiteElo "2242"]
[BlackElo "1584"]
[EventDate "2023.07.10"]
[PlyCount "61"]

1.d4 Nf6 2.c4 g6 3.Nc3 Bg7 4.e4 d6 5.f3 O-O 6.Be3 Nbd7 7.Qd2 c5 8.d5 Ne5 9.h3 
a6 10.f4 Ned7 11.Nf3 Qa5 12.Be2 Nh5 13.O-O Ng3 14.Rfe1 f5 15.Bd3 b5 16.Bf2 Nh5 
17.Ng5 bxc4 18.Bxc4 Bxc3 19.bxc3 Nb6 20.Bb3 h6 21.Ne6 Bxe6 22.dxe6 fxe4 23.Rxe4 
d5 24.Bxd5 Nxd5 25.Qxd5 Nxf4 26.Rxf4 Rxf4 27.Qxa8+ Kg7 28.Qd5 Qxc3 29.Re1 Qf6 
30.Bg3 Rf5 31.Be5 1-0

[Event "Jan Macieja Memorial"]
[Site "Warsaw POL"]
[Date "2023.07.10"]
[Round "1.24"]
[White "Spicak, Krzysztof"]
[Black "Malek, Jan"]
[Result "0-1"]
[WhiteElo "1571"]
[BlackElo "2255"]
[EventDate "2023.07.10"]
[PlyCount "78"]

1.e4 c5 2.Nc3 Nc6 3.f4 g6 4.Nf3 Bg7 5.Bc4 e6 6.f5 gxf5 7.exf5 d5 8.Bb5 d4 
9.Bxc6+ bxc6 10.Ne2 e5 11.d3 Bxf5 12.Ng3 Bg6 13.O-O Ne7 14.Qe2 Qd5 15.b3 O-O 
16.Nh4 f5 17.Bg5 Bf6 18.Nxg6 hxg6 19.Bh6 Rf7 20.Bd2 Rh7 21.Rae1 Kg7 22.Rf2 Rah8 
23.Nf1 f4 24.Qe4 Nf5 25.Qxd5 cxd5 26.b4 c4 27.dxc4 dxc4 28.Re4 Ng3 29.Re1 g5 
30.h3 Nf5 31.Nh2 Ne3 32.Bxe3 dxe3 33.Rf3 e4 34.Rff1 Bc3 35.Rb1 e2 36.Rfc1 f3 
37.gxf3 Rxh3 38.Ng4 Bd4+ 39.Kg2 exf3# 0-1

[Event "Jan Macieja Memorial"]
[Site "Warsaw POL"]
[Date "2023.07.10"]
[Round "1.25"]
[White "Koziorowicz, Michal"]
[Black "Szarfemberg, Pawel"]
[Result "1-0"]
[WhiteElo "2253"]
[BlackElo "1571"]
[EventDate "2023.07.10"]
[PlyCount "57"]

1.e4 c5 2.Nf3 Nc6 3.Bb5 d6 4.O-O Nf6 5.Re1 Bd7 6.c3 a6 7.Bf1 g6 8.d4 cxd4 
9.cxd4 Bg7 10.Nc3 O-O 11.h3 b5 12.e5 dxe5 13.dxe5 Ne8 14.Bg5 h6 15.Bf4 Be6 
16.a4 Qxd1 17.Rexd1 b4 18.Ne4 g5 19.Bg3 g4 20.Nd4 Nxe5 21.Nxe6 fxe6 22.hxg4 
Nxg4 23.Rd2 Nef6 24.Nc5 Kf7 25.Re1 e5 26.f3 Rfc8 27.Nxa6 Rxa6 28.Bxa6 h5 
29.Bxc8 1-0

[Event "Jan Macieja Memorial"]
[Site "Warsaw POL"]
[Date "2023.07.10"]
[Round "1.26"]
[White "Mroczkowski, Adam"]
[Black "Mickiewicz, Piotr"]
[Result "0-1"]
[WhiteElo "1631"]
[BlackElo "2224"]
[EventDate "2023.07.10"]
[PlyCount "124"]

1.e4 c6 2.d4 d5 3.exd5 cxd5 4.c4 Nf6 5.Nc3 e6 6.Nf3 Bb4 7.Bg5 O-O 8.Bd3 dxc4 
9.Bxc4 h6 10.Bh4 b6 11.O-O Bb7 12.a3 Be7 13.Ne5 Nc6 14.Ne2 Ne4 15.Bxe7 Qxe7 
16.Nxc6 Bxc6 17.f3 Nf6 18.Kh1 Rfd8 19.Qc2 Rac8 20.Qb3 Bd5 21.Bxd5 Nxd5 22.Rac1 
Qg5 23.f4 Qf5 24.Ng3 Rxc1 25.Rxc1 Qxf4 26.Qc4 Ne3 27.Qe2 Qxd4 28.h3 Qd2 29.Qxd2 
Rxd2 30.Rc7 Rxg2 31.Ne4 Rxb2 32.Rxa7 Nf5 33.Rb7 Rb3 34.Kh2 Rxa3 35.Rxb6 Ra2+ 
36.Kg1 Ra4 37.Nd6 Nxd6 38.Rxd6 Ra2 39.Rd8+ Kh7 40.Rd7 f6 41.Kh1 h5 42.Kg1 e5 
43.Re7 Kg6 44.Rb7 h4 45.Rb4 Kh5 46.Rg4 g5 47.Rb4 Kg6 48.Kh1 Kf5 49.Kg1 e4 
50.Rb5+ Kf4 51.Rb3 f5 52.Rc3 e3 53.Rc4+ Kf3 54.Rc5 f4 55.Rxg5 e2 56.Re5 Ra1+ 
57.Kh2 Kf2 58.Re4 Kf3 59.Re6 Ra2 60.Kg1 Kg3 61.Rxe2 Ra1+ 62.Re1 Rxe1# 0-1

[Event "Jan Macieja Memorial"]
[Site "Warsaw POL"]
[Date "2023.07.10"]
[Round "1.27"]
[White "Bartel, Marek"]
[Black "Borowicz, Joachim"]
[Result "0-1"]
[WhiteElo "2246"]
[BlackElo "1568"]
[EventDate "2023.07.10"]
[PlyCount "54"]

1.e4 e5 2.Nf3 Nc6 3.c3 d5 4.Bd3 Nf6 5.Qe2 d4 6.O-O Bc5 7.b4 Bb6 8.a4 a6 9.Na3 
O-O 10.Nc4 Re8 11.Nxb6 cxb6 12.Bb2 Bg4 13.b5 Na5 14.h3 Bh5 15.g4 Bg6 16.Nh4 Nb3 
17.Rad1 Nc5 18.f4 Bxe4 19.Bxe4 Nfxe4 20.f5 Qxh4 21.Rf3 d3 22.Qe3 Ng5 23.Rdf1 
Nxf3+ 24.Rxf3 Rad8 25.Kg2 Nxa4 26.Ba3 e4 27.f6 exf3+ 0-1

[Event "Jan Macieja Memorial"]
[Site "Warsaw POL"]
[Date "2023.07.10"]
[Round "1.28"]
[White "Domeradzka, Karolina"]
[Black "Dworakowska, Joanna"]
[Result "0-1"]
[WhiteElo "1568"]
[BlackElo "2234"]
[EventDate "2023.07.10"]
[PlyCount "74"]

1.e4 c5 2.Nc3 Nc6 3.Bb5 Nd4 4.Nf3 g6 5.O-O Bg7 6.Be2 d6 7.d3 Nf6 8.Be3 Nd7 
9.Qd2 Nxe2+ 10.Qxe2 O-O 11.d4 cxd4 12.Bxd4 Ne5 13.Nxe5 dxe5 14.Be3 Be6 15.Qb5 
Qc7 16.Rad1 Bc4 17.Qb4 e6 18.Rfe1 Rfc8 19.Rd2 Bf8 20.Qa4 a6 21.Qd7 Bb4 22.Qxc7 
Rxc7 23.Bh6 Bxc3 24.bxc3 Bb5 25.Red1 Rcc8 26.f3 f5 27.exf5 exf5 28.Bg5 Kf7 
29.Rd6 Rc6 30.Rd7+ Ke6 31.Rxb7 Re8 32.Rdd7 f4 33.Rxh7 Rxc3 34.Rhg7 Rxc2 
35.Rxg6+ Kf5 36.Rgg7 Rc1+ 37.Kf2 Rf1# 0-1

[Event "Jan Macieja Memorial"]
[Site "Warsaw POL"]
[Date "2023.07.10"]
[Round "1.29"]
[White "Malicka, Maria"]
[Black "Kaszuba, Michal"]
[Result "1/2-1/2"]
[WhiteElo "2168"]
[BlackElo "1564"]
[EventDate "2023.07.10"]
[PlyCount "68"]

1.e4 c5 2.Nf3 g6 3.d4 cxd4 4.Nxd4 Nc6 5.c4 Nf6 6.Nc3 Nxd4 7.Qxd4 d6 8.Bg5 Bg7 
9.Be2 O-O 10.Qe3 Be6 11.O-O Qd7 12.Rad1 Qc6 13.b3 Rfe8 14.f4 Ng4 15.Bxg4 Bxg4 
16.Rde1 h6 17.Bh4 Qb6 18.Nd5 Qxe3+ 19.Nxe3 Bd4 20.Bf2 Bxe3 21.Bxe3 Bd7 22.f5 
Kg7 23.Bd4+ f6 24.Rd1 Bc6 25.Rfe1 g5 26.c5 a6 27.Kf2 Rac8 28.Rc1 dxc5 29.Rxc5 
Bb5 30.Rec1 Rxc5 31.Rxc5 Kf7 32.e5 Bc6 33.g3 Rd8 34.Ke3 Rd5 1/2-1/2